| 000 | 00399nam a22001457a 4500 | ||
|---|---|---|---|
| 005 | 20250314195342.0 | ||
| 008 | 250314b |||||||| |||| 00| 0 eng d | ||
| 020 | _a9780323034630 | ||
| 050 |
_aRS55.2 _b.P48 |
||
| 245 | _aMosby's Drug Consult for Health Professions/ | ||
| 250 | _a1st ed. | ||
| 260 |
_aSt. Louis _bMosby/Elsevier _c2006 |
||
| 300 |
_avii. 1735p. _c19.5cm |
||
| 942 |
_2lcc _cBK _e1st ed. _n0 |
||
| 999 |
_c4841 _d4841 |
||